| 000 | 00000nam##2200000za#4500 |
| 001 | 9.642157 |
| 003 | CaOODSP |
| 005 | 20210624223551 |
| 007 | cr ||||||||||| |
| 008 | 150407|2001||||xxc|||||o f|0| 0 fre|d |
| 040 | |aCaOODSP|bfre |
| 043 | |an-cn--- |
| 086 | 1 |aRH64-98/2001F-PDF |
| 110 | 1 |aCanada.|bDéveloppement des ressources humaines Canada. |bPolitique stratégique. |
| 245 | 13|aLa réforme de l'assurance-emploi et les travailleurs saisonniers qui gagnent moins de 12 000 $ : |h[ressource électronique]|brapport final / |c[par] Évaluations de l'assurance-emploi, Évaluations stratégiques, Évaluation et Développement des données. |
| 260 | |aOttawa - Ontario : |bDéveloppement des ressources humaines Canada. |cDécembre 2001. |
| 300 | |a27p.|bfigures, tableaux |
| 590 | |a13-16-Supp|b2013-07-12 |
| 691 | 07|aAssurance-emploi|2gcpds |
| 775 | 08|tEI reform and seasonal workers that earn less than $12,000 : |w(CaOODSP)9.698164 |
| 856 | 40|ahttp://publications.gc.ca|qPDF|s226 Ko|uhttps://publications.gc.ca/collections/collection_2013/rhdcc-hrsdc/RH64-98-2001-fra.pdf |
| 986 | |aSP-ML013-12-01F |